000 00778ngm a22003010a 4500
001 PT42001
003 AR-LpoUNG
005 20210201232335.0
007 co ||u|||uuuuu
008 191001s2007||||xxu|||||||||||||||||eng d
020 _a9780194568074
_c$9.75
040 _aAR-LpoUNG
_bspa
_cAR-LpoUNG
_eaacr
041 _aeng
044 _axxu
082 0 _a421.52 143stu
100 1 _aTaylor, Liz
245 1 0 _aInternational express :
_bstudent's cd elementary
260 _aOxford :
_bOxford University,
_c2007.
650 4 _aAPRENDIZAJE
650 4 _aENSEƑANZA DE IDIOMAS
650 4 _aGRAMATICA
650 4 _aIDIOMA
650 4 _aLENGUA INGLESA
651 4 _aDOCUMENTOS TEORICOS O METODOLOGICOS
700 1 _aKelly, Paul
905 _a42001
942 _cCDDVD
999 _c53428
_d53428